| 000 | 00554nam a22001457a 4500 | ||
|---|---|---|---|
| 082 |
_a894.812.3 _bRAM/P |
||
| 100 | _aRAMAKRISHNAN, T D | ||
| 245 | _aPACHA. MANJA. CHUVAPPU | ||
| 246 |
_aPACHA. MANJA. CHUVAPPU _bPACHA. MANJA. CHUVAPPU |
||
| 260 |
_aKOTTAYAM, INDIA _bD C _c2024 |
||
| 300 | _a446 | ||
| 520 | _aThe novel reveals the inner workings of the railways, the lifeblood of India. The novel explores how Third World citizens fall prey to multinationals through conflicts between power and the common man. | ||
| 650 | _aMALAYALAM NOVEL | ||
| 942 | _cBK | ||
| 999 |
_c8571 _d8571 |
||